| 000 | 01612nam a2200409 i 4500 | ||
|---|---|---|---|
| 001 | 13412 | ||
| 003 | KOSZ 005 | ||
| 005 | 20190906085711.0 | ||
| 008 | 080324s1963 pl a f 000 0 pol | ||
| 015 | _aPB 1963/3949 | ||
| 035 | _a(OCoLC)749672353 | ||
| 040 |
_aWA N _cWA N _dKOSZ 005/KK |
||
| 041 | 1 |
_apol _hrus |
|
| 080 | _a66:621.3 | ||
| 100 | 1 |
_aVišnevskij, Nikolaj Evgen'evič. _eAutor. |
|
| 245 | 1 | 0 |
_aAparatura wysokociśnieniowa z hermetycznym układem napędowym / _cN. J. Wiszniewski, N. P. Głuchanow, I. S. Kowalew ; tłumaczenie Juliusz Borysowski. |
| 246 | 1 |
_iTytuł oryginału : _aApparatura vysokogo davleniâ s germetičeskim privodom. |
|
| 260 |
_aWarszawa : _bWydawnictwa Naukowo-Techniczne, _cdr. 1963. |
||
| 300 |
_a215, [1] stron : _bilustracje ; _c23 cm. |
||
| 336 |
_2rdacontent _aTekst _btxt |
||
| 337 |
_2rdamedia _aBez urzadzenia pośredniczącego _bn |
||
| 338 |
_2rdacarrier _aWolumin _bnc |
||
| 380 | _aKsiążki. | ||
| 490 | 1 |
_aNowa Technika ; _vz. 42. |
|
| 504 | _aBibliografia na stronach 214-216. | ||
| 658 | _aInżynieria i technika | ||
| 655 | 4 | _aPodręczniki | |
| 650 | 4 | _aSilniki elektryczne | |
| 650 | 4 | _aTechnologia chemiczna | |
| 700 | 1 | _aGluhanov, Nikolaj Parmenovič. | |
| 700 | 1 | _aKovalev, Ivan Sidorovič. | |
| 700 | 1 |
_aBorysowski, Juliusz. _eTłumaczenie |
|
| 710 | 2 |
_aWydawnictwa Naukowo-Techniczne _4pbl. |
|
| 830 | 0 |
_aNT Nowa Technika ; _vz. 42. |
|
| 856 |
_uhttp://koha.tu.koszalin.pl/cgi-bin/koha/opac-detail.pl?biblionumber=13412 _yKatalog online BPK |
||
| 942 |
_2UKD _cKS |
||
| 999 |
_c13412 _d13412 |
||